|
|
|
|
| LEADER |
01723nam a22003377a 4500 |
| 001 |
mzk03001219142 |
| 003 |
CZ BrMZK |
| 005 |
20150929143937.0 |
| 007 |
ta |
| 008 |
010907s1719 gw f fr|||||00| ||gerod |
| 040 |
|
|
|a BOA001
|b cze
|c BOA001
|
| 041 |
1 |
|
|a ger
|h ita
|
| 072 |
|
7 |
|a 094
|x Staré tisky
|2 Konspekt
|9 12
|
| 080 |
|
|
|a (0.068)094
|2 MRF
|
| 100 |
1 |
|
|a Foresti, Antonio,
|d 1625-1692
|7 ola2006357408
|4 aut
|
| 245 |
1 |
0 |
|a Historische Welt-Cart :
|b Das ist: Ordentliche Beschreibung der vier grössesten Reich der Welt, Von Mino, dem ersten Assyrischen Kayser an, biß auf die jetzt glücklich aus dem Hauß Oesterreich regierende Kayserl. Majest. Und der Monarchie Christi Von S. Petro, dem ersten Pabst an, biß auf unsere Zeiten. Denen beygefüget werden die Beschreibungen aller andern Königreichen, welche nach Zertheilung der Römischen Monarchie ihren Ursprung genommen ec. ec. ec. Erstlich in Italiänischer Sprach beschrieben.
|n 3. Theil /
|c Durch P. Antonium Foresti, Soc. Jesu ; Anjetzo aber in die Teutsche Sprach übersetzet Von Einem Liebhaber der GeSchichten
|
| 250 |
|
|
|a Der Zweyte Druck
|
| 260 |
|
|
|a Augspurg :
|b In Verlag Georg Schlüter und Martin Happach,
|c 1719
|
| 300 |
|
|
|a [14], 700, [11] s. ;
|c 2°
|
| 501 |
|
|
|a Obsahuje: Přívazek stejného titulu 4. díl
|
| 655 |
|
7 |
|a staré tisky
|7 fd422076
|2 czenas
|
| 700 |
1 |
|
|a Schlüter, Georg,
|d -1731
|7 mzk2003198561
|4 trl
|
| 903 |
|
|
|a RP
|
| 910 |
|
|
|a BOE452
|b Mn
|
| 978 |
|
|
|b Happach, Martin
|a Augsburg
|c 1719
|
| 978 |
|
|
|b Schlüter, Georg
|a Augsburg
|c 1719
|
| 984 |
|
|
|a Augsburg
|b Německo
|
| 985 |
|
|
|a 1701-1750
|
| 990 |
|
|
|a BK
|
| 991 |
|
|
|k minorite
|
| 994 |
|
|
|a DN
|l MZK03
|b 001219143
|m záznam 1. díla (pro objednání pokračujte kliknutím)
|n přívazek
|